00390nam a22001457a 450000500170000000800410001702000150005804100130007308200150008610000130010124500650011426000090017930000310018865000250021920231121144954.0231121b |||||||| |||| 00| 0 eng d a0934143617 aEnglish  a342.8 IND  lEnglish  aIn Defense of Rights : Attacks on Lawyers and Judges in 1992 c1993 bvii, 210 pages ; c24 cm.  aLegal practice bLaw